000 00799nam a2200253 i 4500
001 17607
003 ES-MaACL
005 20250907063033.0
007 t|
008 010406s2000 sp ||||1| spa d
020 _a84-930914-3
080 _a016:616.89(460)
100 1 _aLázaro Sánchez, José
_970789
245 1 0 _aHistoriografía de la psiquiatría española /
_cJosé Lázaro, Francesc Bujosa.
250 _a1ª ed.
260 _aMadrid :
_bTriacastela,
_c2000.
300 _a194 p. ;
_c21 cm.
490 1 _aColección psicopatología ;
_v2
650 1 4 _aPsiquiatría-
_zEspaña-
_vBibliografías.
_916589
700 1 _aBujosa, Francesc.
_932485
830 0 _aColección psicopatología ;
_v2
_9182470
852 _aES-MaACL
_jL-24456
_bR.129812
999 _c17607
_d17607